| 000 | 00384cam a2200145ua 4500 | ||
|---|---|---|---|
| 041 |
_aeng _h |
||
| 082 |
_a028.71632 _bNYV/FI |
||
| 100 | _aNyvall, Robert F . | ||
| 245 |
_aField crop diseases handbook / _cRobert F Nyvall. _hTextual Documents |
||
| 260 |
_aConnecticut : _bA.V.I Publishing company , _c1979. |
||
| 300 | _a436 ; . | ||
| 504 | _a | ||
| 942 | _cBK | ||
| 999 |
_c6782 _d6782 |
||